Les 5 Meilleurs Buteurs de Bundesliga par Saison (XXIème siècle) - Statistiques

Statistiques générales
  • Ce quiz a été pris 221 fois
    50 depuis la dernière actualisation
  • Le résultat moyen est 51 sur 130
Statistiques - réponses
Saison Top Buts Club Joueur % Correct
2011/2012 3 22 Borussia Dortmund Robert Lewandowski
98%
2012/2013 2 24 Borussia Dortmund Robert Lewandowski
98%
2013/2014 1 20 Borussia Dortmund Robert Lewandowski
98%
2014/2015 3 17 Bayern Munich Robert Lewandowski
98%
2015/2016 1 30 Bayern Munich Robert Lewandowski
98%
2016/2017 2 30 Bayern Munich Robert Lewandowski
98%
2017/2018 1 29 Bayern Munich Robert Lewandowski
98%
2018/2019 1 22 Bayern Munich Robert Lewandowski
98%
2019/2020 1 34 Bayern Munich Robert Lewandowski
98%
2020/2021 1 41 Bayern Munich Robert Lewandowski
98%
2021/2022 1 35 Bayern Munich Robert Lewandowski
98%
2023/2024 1 36 Bayern Munich Harry Kane
91%
2024/2025 1 26 Bayern Munich Harry Kane
91%
2009/2010 5 16 Bayern Munich Arjen Robben
89%
2014/2015 2 17 Bayern Munich Arjen Robben
89%
2023/2024 2 28 VFB Stuttgart Serhou Guirassy
87%
2024/2025 2 21 Borussia Dortmund Serhou Guirassy
87%
2015/2016 3 20 Bayern Munich Thomas Muller
87%
2001/2002 5 16 FC Kaiserslautern Miroslav Klose
82%
2005/2006 1 25 Werder Brême Miroslav Klose
82%
2013/2014 4 16 Borussia Dortmund Marco Reus
80%
2018/2019 3 17 Borussia Dortmund Marco Reus
80%
2022/2023 5 14 Bayern Munich Serge Gnabry
78%
2007/2008 2 19 VFB Stuttgart Mario Gomez
76%
2008/2009 3 24 VFB Stuttgart Mario Gomez
76%
2010/2011 1 28 Bayern Munich Mario Gomez
76%
2011/2012 2 26 Bayern Munich Mario Gomez
76%
2016/2017 5 16 VFL Wolfsburg Mario Gomez
76%
2016/2017 4 21 RB Leipzig Timo Werner
76%
2019/2020 2 28 RB Leipzig Timo Werner
76%
2014/2015 5 16 Borussia Dortmund Pierre-Emerick Aubameyang
73%
2015/2016 2 25 Borussia Dortmund Pierre-Emerick Aubameyang
73%
2016/2017 1 31 Borussia Dortmund Pierre-Emerick Aubameyang
73%
2020/2021 3 27 Borussia Dortmund Erling Haaland
71%
2021/2022 3 22 Borussia Dortmund Erling Haaland
71%
2021/2022 2 24 Bayer 04 Leverkusen Patrick Schick
64%
2024/2025 3 21 Bayer 04 Leverkusen Patrik Schick
64%
2017/2018 5 14 Hanovre 96 Niclas Fullkrug
60%
2022/2023 2 16 Werder Brême Niclas Fullkrug
60%
2022/2023 3 15 Eintracht Francfort Randal Kolo Muani
58%
2021/2022 5 20 RB Leipzig Christopher Nkunku
56%
2022/2023 1 16 RB Leipzig Christopher Nkunku
56%
2023/2024 3 24 RB Leipzig Loïs Openda
53%
2012/2013 4 15 Bayern Munich Mario Mandzukic
53%
2013/2014 2 18 Bayern Munich Mario Mandzukic
53%
2015/2016 5 15 FC Cologne Anthony Modeste
51%
2016/2017 3 25 FC Cologne Anthony Modeste
51%
2021/2022 4 20 FC Cologne Anthony Modeste
51%
2018/2019 4 17 TSG Hoffenheim Andrej Kramaric
47%
2020/2021 4 20 TSG Hoffenheim Andrej Kramaric
47%
2018/2019 5 17 Eintracht Francfort Luka Jovic
47%
2007/2008 1 24 Bayern Munich Luca Toni
44%
2011/2012 1 29 FC Schalke 04 Klaas-Jan Huntelaar
40%
2011/2012 5 18 FC Cologne Lukas Podolski
40%
2008/2009 2 26 VFL Wolfsburg Edin Dzeko
38%
2009/2010 1 22 VFL Wolfsburg Edin Dzeko
38%
1999/2000 4 14 Bayern Munich Giovane Elber
38%
2000/2001 5 15 Bayern Munich Giovane Elber
38%
2001/2002 4 17 Bayern Munich Giovane Elber
38%
2002/2003 1 21 Bayern Munich Giovane Elber
38%
2019/2020 3 17 Borussia Dortmund Jadon Sancho
38%
2020/2021 2 28 Eintracht Francfort André Silva
36%
2007/2008 5 14 Hambourg SV Ivica Olic
36%
2003/2004 2 23 Bayern Munich Roy Makaay
36%
2004/2005 2 22 Bayern Munich Roy Makaay
36%
2005/2006 4 17 Bayern Munich Roy Makaay
36%
2006/2007 3 16 Bayern Munich Roy Makaay
36%
2018/2019 2 18 Borussia Dortmund Paco Alcacer
33%
2000/2001 3 19 Werder Brême Claudio Pizarro
31%
2002/2003 4 15 Bayern Munich Claudio Pizarro
31%
2011/2012 4 18 Werder Brême Claudio Pizarro
31%
2023/2024 4 18 VFB Stuttgart Deniz Undav
31%
2001/2002 3 17 Bayer 04 Leverkusen Michael Ballack
31%
2008/2009 1 28 VFL Wolfsburg Grafite
27%
2009/2010 2 21 Bayer 04 Leverkusen Stefan Kiebling
24%
2012/2013 1 25 Bayer 04 Leverkusen Stefan Kiebling
24%
2022/2023 4 15 SC Fribourg Vincenzo Grifo
20%
2012/2013 3 16 Eintracht Francfort Alexandre Meier
18%
2014/2015 1 19 Eintracht Francfort Alexandre Meier
18%
2014/2015 4 16 VFL Wolfsburg Bas Dost
18%
2002/2003 5 15 VFB Stuttgart Kevin Kuranyi
18%
2006/2007 4 15 FC Schalke 04 Kevin Kuranyi
18%
2007/2008 3 15 FC Schalke 04 Kevin Kuranyi
18%
2009/2010 4 18 FC Schalke 04 Kevin Kuranyi
18%
2024/2025 4 18 FSV Mayence 05 Jonathan Burkardt
16%
2017/2018 4 14 Bayer 04 Leverkusen Kevin Volland
16%
2009/2010 3 19 Borussia Dortmund Lucas Barrios
13%
2010/2011 5 16 Borussia Dortmund Lucas Barrios
13%
2008/2009 5 18 TSG Hoffenheim Vedad Ibisevic
13%
2012/2013 5 15 VFB Stuttgart Vedad Ibisevic
13%
2019/2020 4 16 VFL Wolfsburg Wout Weghorst
13%
2020/2021 5 20 VFL Wolfsburg Wout Weghorst
13%
2006/2007 2 16 Borussia Dortmund Alex Frei
11%
2023/2024 5 16 TSG Hoffenheim Meximilian Beier
11%
2024/2025 5 16 Borussia Mönchengladbach Tim Kleindienst
9%
2004/2005 3 20 Bayer 04 Leverkusen Dimitar Berbatov
7%
2005/2006 2 21 Bayer 04 Leverkusen Dimitar Berbatov
7%
2017/2018 2 15 SC Fribourg Nils Petersen
7%
2013/2014 5 16 Hertha BSC Adrian Ramos
4%
2013/2014 3 17 FC Nuremberg Josip Drmic
4%
2001/2002 2 18 Borussia Dortmund Marcio Amoroso
4%
2006/2007 5 14 FSV Mayence 05 Mohamed Zidan
4%
2002/2003 3 16 Werder Brême Ailton
2%
2003/2004 1 28 Werder Brême Ailton
2%
2015/2016 4 17 Bayer 04 Leverkusen Chicharito
2%
2005/2006 3 20 FC Kaiserslautern Halil Altintop
2%
1999/2000 1 19 TSV 1860 Munich Martin Max
2%
2001/2002 1 18 TSV 1860 Munich Martin Max
2%
2003/2004 3 20 FC Hansa Rostock Martin Max
2%
2010/2011 2 22 SC Fribourg Papiss Cissé
2%
2005/2006 5 16 FC Nuremberg Robert Vittek
2%
2019/2020 5 15 Fortuna Dusseldorf Rouwen Hennings
2%
1999/2000 2 17 Bayer 04 Leverkusen Ulf Kirsten
2%
2004/2005 5 15 DSC Arminia Bielfield Delron Buckley
0%
1999/2000 3 14 FC Schalke 04 Ebbe Sand
0%
2000/2001 2 22 FC Schalke 04 Ebbe Sand
0%
2003/2004 4 16 Borussia Dortmund Ewerthon
0%
2004/2005 4 18 DSC Arminia Bielfield Marcelinho Paraiba
0%
1999/2000 5 13 Werder Brême Marco Bode
0%
2004/2005 1 24 FC Nuremberg Marek Mintal
0%
2007/2008 4 14 Werder Brême Markus Rosenberg
0%
2017/2018 3 14 TSG Hoffenheim Mark Uth
0%
2000/2001 4 16 DSC Arminia Bielfield Michael Preetz
0%
2010/2011 3 17 FC Cologne Milivoje Novakovic
0%
2008/2009 4 21 Bayer 04 Leverkusen Patrick Helmes
0%
2000/2001 1 22 Hambourg SV Sergej Barbarez
0%
2010/2011 4 16 FC Kaiserslautern Srdjan Lakic
0%
2006/2007 1 20 VFL Bochum Theofanis Gekas
0%
2002/2003 2 21 VFL Bochum Thomas Christiansen
0%
2003/2004 5 16 VFL Bochum Vahid Hashemian
0%
Aucun quiz correspondant
Distribution des résultats
% des personnes avec chaque résultat
Percentile par nombre de réponses
Votre historique - résultats
Vous n’avez pas pris ce quiz depuis la dernière actualisation